Arquitectura universal : imperio romano /

Guardado en:
Detalles Bibliográficos
Autor principal: Picard, Gilbert (texto)
Otros autores: Butler, Yvan (fotógrafo) (fotógrafo), Gutiérrez-Larraya, Juan Antonio (traducción) (traducción)
Formato: Libro
Idioma:Español
Publicado: Munich, Alemania : Office du Livre, 1965, c1965
Etiquetas: Agrega una etiqueta
Sin etiquetas, Sé el primero en etiquetar este registro!

MARC

LEADER 00000nam^a2200000^a^4500
001 000559023
005 20250526000000.0
009 20260310131832.465
037 |a Acervo ITESO - Biblioteca 
041 |a ESP 
091 |a FHA. 02201 
100 |a Picard, Gilbert  |e (texto) 
245 1 0 |a Arquitectura universal :  |b imperio romano / 
264 4 |a Munich, Alemania :  |b Office du Livre,  |c 1965, c1965 
300 |a 192 p. ;  |c 21.5 cm. 
336 |a texto  |b txt  |2 rdacontenido 
337 |a sin mediación  |b n  |2 rdamedio 
338 |a volumen  |b nc  |2 rdasoporte 
515 |a Inventario familia Hartung: 2927 
649 |a XX 
700 |a Butler, Yvan  |e (fotógrafo) 
700 |a Gutiérrez-Larraya, Juan Antonio  |e (traducción) 
910 |a Fondo Horst Hartung Franz 
920 |a Impresos - Libros 
930 |a Libros Antiguos y Raros 
905 |a 135 
901 |a 0500335512  |b IT2  |c LRA  |i D  |u 20250526 
902 |a https://opac.biblio.iteso.mx/vufind/Record/000559023